| 000 | 00945nam a22002657a 4500 | ||
|---|---|---|---|
| 005 | 20170123162321.0 | ||
| 010 | _aA-770358 | ||
| 020 | _c150.00 | ||
| 035 | _aA-770358 | ||
| 037 | _bCen Lib/Ret | ||
| 040 |
_aDPL _bUR |
||
| 082 |
_a841.08 _bم ب ا |
||
| 100 |
_aمبارک شمیم _9116948 |
||
| 245 |
_aسخنوران شاہجہانپوری / _cمبارک شمیم |
||
| 246 |
_aSukhanvaran-e-Shahjahanpuri / _bby Mubarak Shameem |
||
| 260 |
_aنیی دہلی _bتخلیقکار پبلشرز _c1995 |
||
| 270 |
_bنیی دہلی _a١٧٧٩، کچہ دکھنی رائی ، دریاگنج _e110002 |
||
| 300 |
_a358p. _c21cm(Hb) |
||
| 500 | _aکتابیات | ||
| 650 |
_a ادب - اردو _9116949 |
||
| 650 |
_a اردو شاعری - ادبی تنقید _9116950 |
||
| 650 |
_aLiterature -- Urdu _9116951 |
||
| 650 |
_aUrdu poetry -- Literary criticism _9116952 |
||
| 942 |
_2ddc _cUR _h841.08 _mم ب ا |
||
| 999 |
_c107072 _d107072 |
||